| 000 | 00757nam a2200241Ia 4500 | ||
|---|---|---|---|
| 003 | OSt | ||
| 005 | 20220925192748.0 | ||
| 006 | a|||||r|||| 00| 0 | ||
| 007 | ta | ||
| 008 | 220923b |||||||| |||| 00| 0 eng d | ||
| 037 | _cGeneral Book | ||
| 040 |
_aRTL _cRTL _beng |
||
| 041 |
_2eng _aeng |
||
| 082 | _aU.2.N6v5, K3 | ||
| 100 |
_aChatterjee SP _9246277 |
||
| 245 | 0 | _aProgress of geography | |
| 260 |
_aCalcutta _bIndian Science Congress Associaiton India _c1963 |
||
| 300 |
_a277p. Bib p. 244-47 _ccm. |
||
| 490 | _aFifty years of science in India series. Indian Science Congress Associaiton Publicaiton | ||
| 650 |
_aIndia Geography _9170575 |
||
| 942 |
_hU.2.N6v5, K3 _cGB _2CC |
||
| 999 |
_c523272 _d523272 |
||